[Event "TUR-ch (Women)"]
[Site "Izmir"]
[Date "2023.10.19"]
[Round "6"]
[White "Tumer, Eylul"]
[Black "Nurdogan, Irmak Tuanna"]
[Result "1-0"]
[WhiteElo "1311"]
[BlackElo "1148"]
[PlyCount "47"]
[EventDate "2023.10.16"]
[EventType "tourn"]
[EventRounds "9"]
[EventCountry "TUR"]
[SourceTitle "CBM 216 Extra"]
[Source "ChessBase"]
[SourceDate "2023.11.30"]
[SourceVersion "1"]
[SourceVersionDate "2023.11.30"]
[SourceQuality "1"]

1. e4 c5 2. Nc3 Nc6 3. f4 g6 4. Nf3 d6 5. Bb5 Bg7 6. Bxc6+ bxc6 7. d3 e5 8. fxe5 dxe5 9. 0-0 Ne7 10. Be3 0-0 11. Bxc5 f6 12. Qd2 Be6 13. Rae1 Rf7 14. Qf2 a6 15. Qh4 Rb8 16. b3 Qa5 17. Na4 Rb5 18. Be3 g5 19. Bxg5 Ng6 20. Qh5 fxg5 21. Nxg5 Nf4 22. Qxh7+ Kf8 23. Nxf7 Bxf7 24. g3 1-0

[Event "TUR-ch U07/12 Girls"]
[Site "Antalya"]
[Date "2023.01.27"]
[Round "8"]
[White "Polat, Ece"]
[Black "Tumer, Eylul"]
[Result "0-1"]
[WhiteElo "1251"]
[BlackElo "1110"]
[PlyCount "62"]
[EventDate "2023.01.17"]
[EventType "swiss"]
[EventRounds "9"]
[EventCountry "TUR"]
[SourceTitle "EXT 2024"]
[Source "ChessBase"]
[SourceDate "2023.10.10"]
[SourceVersion "1"]
[SourceVersionDate "2023.10.10"]
[SourceQuality "1"]

1. e4 e5 2. Nf3 Nf6 3. d4 Nxe4 4. Bd3 d5 5. dxe5 Be7 6. 0-0 0-0 7. c4 Bg4 8. h3 Bh5 9. Re1 Bb4 10. Rf1 Nc6 11. g4 Bg6 12. a3 Bc5 13. b4 Nxf2 14. Rxf2 Bxf2+ 15. Kxf2 dxc4 16. Be2 Qe7 17. Bb2 Rad8 18. Qe1 Qe6 19. Nbd2 b5 20. Bc3 Ne7 21. Bd4 Nd5 22. Rc1 f5 23. Qg1 Nf4 24. Bf1 Qa6 25. Rc3 Rxd4 26. Nxd4 fxg4 27. Kg3 Qb6 28. Qe3 Nd5 29. Qg1 Nxc3 30. e6 Rd8 31. e7 Rxd4 0-1